[Event "V Open"]
[Site "Dos Hermanas ESP"]
[Date "2006.04.04"]
[Round "6"]
[White "Illescas Cordoba,M"]
[Black "Caruana,F"]
[Result "1/2-1/2"]
[WhiteElo "2608"]
[BlackElo "2409"]

1.d4 Nf6 2.c4 Nc6 3.Nf3 e6 4.a3 d6 5.Nc3 g6 6.g3 Bg7 7.Bg2 O-O 8.O-O Re8
9.d5 exd5 10.cxd5 Nb8 11.Bf4 Nbd7 12.Rc1 Nc5 13.Nd2 Bf5 14.Nb3 Nfe4 15.Nxe4 Nxe4
16.f3 Nf6 17.e4 Bd7 18.Qd2 c6 19.dxc6 Bxc6 20.Na5 d5 21.e5 Nd7 22.Nxc6 bxc6
23.Rxc6 Nxe5 24.Bxe5 Bxe5 25.f4 Bg7 26.Bxd5 Qe7 27.f5 gxf5 28.Rxf5 Qe1+ 29.Qxe1 Rxe1+
30.Kf2 Re7 31.b4 Rd8 32.Kf3 Be5 33.Rc5 Bb2 34.Ra5 Rd6 35.b5 Red7 36.Ke4 Kg7
37.Rxf7+ Rxf7 38.Bxf7 Kxf7 39.Rxa7+ Ke8 40.a4 Kd8 41.a5 h6 42.b6 Kc8 43.Kf5 Kb8
44.Kg4 Bc3 45.Kh5 Rd5+ 46.Kxh6 Bxa5 47.g4 Bxb6 48.Rg7 Be3+ 49.g5 Rd4 50.Kh5 Bf2
51.Rh7 Kc8 52.Kg6 Kd8 53.Kf6 Bh4 54.Kf5 Ke8  1/2-1/2

[Event "Mephisto Schloss Open A"]
[Site "Werther GER"]
[Date "2006.04.06"]
[Round "1"]
[White "Halkias,S"]
[Black "Goecke,K"]
[Result "1-0"]
[WhiteElo "2528"]
[BlackElo "2189"]

1.d4 Nf6 2.c4 Nc6 3.Nf3 e6 4.a3 d6 5.Nc3 g6 6.e4 Bg7 7.Be2 O-O 8.O-O Re8
9.h3 e5 10.dxe5 dxe5 11.Qxd8 Nxd8 12.Be3 Ne6 13.Rfd1 b6 14.c5 Bb7 15.Bb5 c6
16.Bc4 Nxc5 17.Bxc5 bxc5 18.Na4 h6 19.Nxc5 Rab8 20.b4 Bf8 21.Nd7 Nxd7 22.Rxd7 Re7
23.Rad1 Rbe8 24.Nxe5 Rxd7 25.Nxd7 Kg7 26.Nxf8 Kxf8 27.Rd7 Re7 28.Rd8+ Kg7
29.f3 Kf6 30.Kf2 Rc7 31.Ke3 Ke7 32.Rh8 h5 33.Kd4 Bc8 34.Kc5 Bd7 35.e5 Be8
36.Rh7 Bd7 37.Rxf7+ Ke8  1-0

[Event "Open NOR-ch"]
[Site "Oslo NOR"]
[Date "2006.04.10"]
[Round "3"]
[White "Jorgensen,L"]
[Black "Snellingen,J"]
[Result "0-1"]
[WhiteElo "1869"]
[BlackElo "1993"]

1.d4 Nf6 2.c4 Nc6 3.Nf3 e6 4.Bg5 Bb4+ 5.Nc3 h6 6.Bh4 g5 7.Bg3 Ne4 8.Qd3 Bxc3+
9.bxc3 Nxg3 10.hxg3 d6 11.e4 Qf6 12.Be2 e5 13.d5 Nb8 14.Nd2 b6 15.Qe3 a5
16.a4 Na6 17.Nb3 Bd7 18.Kd2 Qe7 19.Rhf1 Nc5 20.Nxc5 bxc5 21.f4 Rb8 22.Bh5 gxf4
23.gxf4 Qh4 24.Bxf7+ Kxf7 25.fxe5+ Ke7 26.Kd3 Rbf8 27.exd6+ cxd6 28.e5 Qg5
29.e6 Qxe3+ 30.Kxe3 Rxf1 31.Rxf1 Be8 32.g4 Rg8 33.Rh1 Rxg4 34.Rxh6 Rxc4 35.Rh7+ Kf6
36.Kd2 Rxa4 37.Rh6+ Kg7 38.Rh3 Ra2+ 39.Kc1 Rg2 40.Re3 a4 41.Kb1 Rf2 42.e7 Rf5
43.c4 Re5 44.Rg3+ Bg6+ 45.Ka1 Rxe7 46.Rg2 Re4 47.Re2 Kf6 48.Rf2+ Bf5 49.Re2 Rxc4
50.Rf2 Ke5 51.Re2+ Kxd5 52.Rd2+ Rd4 53.Rf2 Be4 54.Re2 c4  0-1

[Event "7th ch-Euro"]
[Site "Kusadasi TUR"]
[Date "2006.04.14"]
[Round "10"]
[White "Iskusnyh,S"]
[Black "Soltanici,R"]
[Result "1/2-1/2"]
[WhiteElo "2510"]
[BlackElo "2315"]

1.d4 Nf6 2.c4 Nc6 3.Nf3 e6 4.g3 Bb4+ 5.Nc3 O-O 6.Bg2 d6 7.O-O Bxc3 8.bxc3 Qe7
9.c5 e5 10.cxd6 cxd6 11.dxe5 dxe5 12.Qa4 Re8 13.Rd1 Bg4 14.Ba3 Qc7 15.Bd6 Qc8
16.e4 a6 17.Re1 Bh3 18.Rad1 Bxg2 19.Kxg2 b5 20.Qa3 Qb7 21.Nh4 g6 22.f3 Kg7
23.Bc5 Rad8 24.Be3 Ng8 25.Kf2 f6 26.Ng2 Rxd1 27.Rxd1 Rd8 28.Rxd8 Nxd8 29.Qd6 Qc8
30.g4 Nf7 31.Qc5 Qe6 32.Qa3 f5 33.gxf5 gxf5 34.exf5 Qxf5 35.Qxa6 Nf6 36.Qxb5 Ne4+
37.Kg1 Nxc3 38.Qb2 Nd1  1/2-1/2

[Event "Foxwoods Open"]
[Site "Ledyards USA"]
[Date "2006.04.14"]
[Round "5"]
[White "Boor,C"]
[Black "Braunlich,T"]
[Result "1-0"]
[WhiteElo "2233"]
[BlackElo "2178"]

1.d4 Nf6 2.c4 Nc6 3.Nc3 e5 4.d5 Ne7 5.e4 Ng6 6.Be3 Bb4 7.Bd3 Bxc3+ 8.bxc3 d6
9.h3 Qe7 10.g3 h5 11.Bg5 Nf8 12.Nf3 N8h7 13.Be3 Nd7 14.Nd2 h4 15.Qh5 Nc5
16.Bxc5 dxc5 17.Nf3 g6 18.Qxe5 Qxe5 19.Nxe5 Ng5 20.g4 Rg8 21.f4 f6 22.Nxg6 Rxg6
23.e5 Nf3+ 24.Kf2 Nxe5 25.Rae1  1-0

[Event "Open NOR-ch"]
[Site "Oslo NOR"]
[Date "2006.04.14"]
[Round "7"]
[White "Bue,G"]
[Black "Pettersen,J"]
[Result "1/2-1/2"]
[WhiteElo "1856"]
[BlackElo "2018"]

1.d4 Nf6 2.c4 Nc6 3.Nf3 e6 4.a3 d5 5.e3 Be7 6.Nc3 O-O 7.Bd3 a6 8.b3 Bd6 9.c5 Be7
10.O-O Re8 11.Bb2 Bf8 12.b4 e5 13.dxe5 Nxe5 14.Nxe5 Rxe5 15.Ne2 Re8 16.Qc2 g6  1/2-1/2

[Event "8th Dubai Open"]
[Site "Dubai UAE"]
[Date "2006.04.24"]
[Round "2"]
[White "Bente,B"]
[Black "Gupta,Ab"]
[Result "1/2-1/2"]
[WhiteElo "2240"]
[BlackElo "2449"]

1.d4 Nf6 2.c4 Nc6 3.Nf3 e6 4.a3 d6 5.Nc3 g6 6.d5 Ne7 7.e4 Bg7 8.Be2 O-O 9.O-O exd5
10.cxd5 c6 11.dxc6 bxc6 12.Qc2 d5 13.Rd1 Qe8 14.exd5 cxd5 15.Be3 Bf5 16.Bd3 Bg4
17.Be2 Qc8 18.Nd4 Qb7 19.Rac1 Rac8 20.Qd2 Bxe2 21.Qxe2 Ne4 22.Qb5 Qa8 23.Qd7 Nxc3
24.Rxc3 Rxc3 25.bxc3 Bf6 26.Qd6 Bxd4 27.Bxd4 Nf5 28.Qf6 Nxd4 29.Qxd4 Rc8
30.h3 a6 31.Qxd5 Qxd5 32.Rxd5 Rxc3 33.Ra5 Rc1+ 34.Kh2 Rc6 35.Re5 Kg7 36.Re3 f5
37.f4 Kf6 38.Kg3 Rc4 39.Kf3 a5 40.g3 Rc2 41.Rd3  1/2-1/2

[Event "XIII TCh-RUS 1st League"]
[Site "Sochi RUS"]
[Date "2006.04.24"]
[Round "5"]
[White "Chuprikov,D"]
[Black "Pilavov,G"]
[Result "1/2-1/2"]
[WhiteElo "2377"]
[BlackElo "2550"]

1.d4 Nf6 2.c4 Nc6 3.Nf3 e6 4.Nc3 Bb4 5.Bg5 h6 6.Bh4 g5 7.Bg3 Ne4 8.Qd3 d5
9.e3 h5 10.Ne5 Ne7 11.f3 Nxg3 12.hxg3 Nf5 13.cxd5 Bxc3+ 14.Qxc3 exd5 15.Kf2 h4
16.gxh4 gxh4 17.Bb5+ Kf8 18.Bd3 c6 19.Bxf5 Bxf5 20.Qb4+ Kg7 21.Qxb7 Be6 22.Qa6 Qg5
23.Rag1 c5 24.g3 h3 25.f4 Qe7 26.dxc5 Qxc5 27.Rc1 Qb4 28.Qe2 d4 29.e4 Bxa2
30.Qg4+ Kf8 31.Rc8+ Rxc8 32.Qxc8+ Kg7 33.Qg4+ Kf8 34.Qc8+ Kg7  1/2-1/2

[Event "8th Dubai Open"]
[Site "Dubai UAE"]
[Date "2006.04.26"]
[Round "4"]
[White "Salem,AR"]
[Black "Sale,S"]
[Result "1/2-1/2"]
[WhiteElo "2124"]
[BlackElo "2453"]

1.d4 Nf6 2.c4 Nc6 3.Nf3 e6 4.Bg5 h6 5.Bh4 Bb4+ 6.Nc3 g5 7.Bg3 Ne4 8.Qc2 f5
9.a3 Bxc3+ 10.bxc3 d6 11.e3 Qf6 12.Nd2 Nxd2 13.Qxd2 O-O 14.h4 g4 15.f3 Na5
16.Rb1 b6 17.Bd3 Ba6 18.Qe2 e5 19.O-O gxf3 20.Rxf3 Qe6 21.Rxf5 Bxc4 22.Qg4+ Kh8
23.Be4 exd4 24.exd4 Rxf5 25.Bxf5 Qf6 26.Bc2 Rg8 27.Qe4 Qg7 28.Re1 Bb3 29.Bd3 Nc4
30.Bf4 a5 31.Re2 b5 32.Rf2 a4 33.Bxh6 Qxh6 34.Rf7 Rg7 35.Qe8+ Rg8 36.Qe7 Qe3+
37.Qxe3 Rxg2+ 38.Kxg2 Nxe3+ 39.Kf3 Bxf7 40.Kxe3 c6 41.Be4 c5 42.dxc5 dxc5
43.Bd3  1/2-1/2

[Event "2nd Halkidiki Open"]
[Site "Kalithea GRE"]
[Date "2006.04.27"]
[Round "3"]
[White "Petritaj,F"]
[Black "Zakarian,D"]
[Result "0-1"]
[WhiteElo "2141"]
[BlackElo "2359"]

1.d4 Nf6 2.c4 Nc6 3.Nc3 e5 4.d5 Ne7 5.e4 Ng6 6.Bd3 Bc5 7.Nf3 d6 8.O-O a5
9.Qc2 Nh5 10.Be3 Bg4 11.Bxc5 Bxf3 12.Be3 Ngf4 13.Ne2 Nxg2 14.Ng3 Nhf4 15.Bxf4 Nxf4
16.Rfe1 h5 17.Re3 Bg4 18.Kf1 Qh4 19.Ke1 Qxh2 20.Nf1 Ng2+ 21.Kd2 Qf4 22.Kc3 Nxe3
23.Nxe3 g6 24.Rg1 Bd7 25.Kb3 h4 26.c5 h3 27.cxd6 h2 28.Rh1 cxd6 29.Qc7 Qxf2
30.Qxd6 Rh3 31.Qxe5+ Kf8 32.Rf1 Qxf1 33.Nxf1 h1=Q  0-1

[Event "Classics GMB"]
[Site "Gausdal NOR"]
[Date "2006.04.30"]
[Round "8"]
[White "Nyland,T"]
[Black "Jaksland,T"]
[Result "0-1"]
[WhiteElo "2172"]
[BlackElo "2311"]

1.d4 Nf6 2.c4 Nc6 3.d5 Ne5 4.e4 e6 5.Nc3 Bb4 6.Qd4 d6 7.Be3 Nfg4 8.Qd2 Nxe3
9.Qxe3 Qf6 10.h3 O-O 11.Nf3 Nxf3+ 12.Qxf3 Qxf3 13.gxf3 Bxc3+ 14.bxc3 e5 15.Kd2 b6
16.Ke3 f5 17.Bd3 Bd7 18.Rag1 Rf6 19.Rg2 Raf8 20.Be2 Kh8 21.h4 R8f7 22.Rhh2 Be8
23.a3 Rf8 24.Rg5 h6 25.Rxf5 Rxf5 26.exf5 Rxf5 27.Bd3 Rf4 28.Be4 Bh5 29.Rh3 Kg8
30.Kd3 Kf7 31.Kc2 Bg6 32.Bxg6+ Kxg6 33.h5+ Kg5 34.Kd3 Rh4 35.Rg3+ Kf6 36.a4 Rxh5
37.a5 Rh1 38.Kc2  0-1

[Event "ch-UKR sf"]
[Site "Alushta UKR"]
[Date "2006.05.14"]
[Round "2"]
[White "Luzhinsky,V"]
[Black "Kucherenko,O"]
[Result "1-0"]
[WhiteElo "2231"]
[BlackElo "2064"]

1.d4 Nf6 2.c4 Nc6 3.Nf3 e6 4.a3 d5 5.Nc3 dxc4 6.e4 Na5 7.Bxc4 Nxc4 8.Qa4+ Bd7
9.Qxc4 c6 10.e5 Nd5 11.Ne4 Qc7 12.O-O h6 13.Bd2 Be7 14.Rac1 O-O 15.Rfe1 a5
16.Qd3 Rfc8 17.Rc2 b6 18.Rec1 Qb8 19.Ng3 c5 20.Nh5 Qb7 21.dxc5 Rxc5 22.Qe4 Bf8
23.Qg4 Kh8 24.Qh3 Rac8 25.Rxc5 Rxc5 26.Rxc5 bxc5 27.g4 Qxb2 28.Qh4 Be7 29.Qg3 c4
30.g5 hxg5 31.Bxg5 Qb1+ 32.Kg2 Bxg5 33.Nxg5 Qg6 34.Qh4 Kg8 35.Ng3 c3 36.Nf3 Bb5
37.Qd8+ Kh7 38.Ng5+ Kh6 39.h4 Ne3+ 40.fxe3 Qc2+ 41.Kh3 Bf1+ 42.Nxf1 Kg6 43.Ng3 f6
44.Qe8+  1-0

[Event "ch-UKR sf"]
[Site "Alushta UKR"]
[Date "2006.05.15"]
[Round "3"]
[White "Zubov,A UKR"]
[Black "Hatchatrian,S"]
[Result "1-0"]
[WhiteElo "2537"]
[BlackElo "2266"]

1.d4 Nf6 2.c4 Nc6 3.Nf3 e6 4.Nc3 Bb4 5.Qc2 Qe7 6.a3 Bxc3+ 7.Qxc3 a5 8.b3 d6
9.Bb2 O-O 10.e3 Re8 11.Be2 e5 12.d5 Nb8 13.Nd2 Bf5 14.f3 e4 15.f4 h5 16.h3 Qf8
17.g4 Bh7 18.gxh5 Nbd7 19.Rg1 b5 20.cxb5 Bf5 21.Kf2 g6 22.Rg5 Kh7 23.Qd4 Re7
24.Rag1 Qh6 25.h4 Rg8 26.a4 Ne8 27.hxg6+ fxg6 28.h5 Reg7 29.Rh1  1-0

[Event "NAO Tune-Up"]
[Site "Wichita USA"]
[Date "2006.05.21"]
[Round "4"]
[White "Braunlich,T"]
[Black "Gossell,T"]
[Result "1/2-1/2"]
[WhiteElo "2178"]
[BlackElo "2237"]

1.d4 Nf6 2.c4 Nc6 3.Nf3 e6 4.a3 d6 5.Nc3 g6 6.g3 Bg7 7.Bg2 O-O 8.O-O Re8
9.h3 a6 10.Be3 Rb8 11.b4 b6 12.Rc1 Bb7 13.Qd2 Nh5 14.Bg5 f6 15.Bh6 e5 16.d5 Ne7
17.Bxg7 Kxg7 18.e4 h6 19.Ne2 Kh7 20.Nh2 g5 21.f4 exf4 22.gxf4 Ng6 23.Ng4 Kg7
24.fxg5 hxg5 25.Nd4 Nhf4 26.h4 Bc8 27.Nc6 Bxg4 28.Nxd8 Rbxd8 29.Rce1 Rh8
30.hxg5 fxg5 31.e5 dxe5 32.Be4 Nh4 33.Re3 Kf6 34.Rg3 Bf5 35.Qc2 Rh5 36.Kf2 Bxe4
37.Qxe4 Nf5 38.Re1 Nxg3 39.Qxe5+ Kg6 40.Kxg3 Rh3+ 41.Kg4 Rh4+  1/2-1/2

[Event "37th Olympiad w"]
[Site "Turin ITA"]
[Date "2006.05.29"]
[Round "8"]
[White "Agasiyeva,F"]
[Black "Khaziyeva,D"]
[Result "0-1"]
[WhiteElo "2088"]
[BlackElo "2103"]

1.d4 Nf6 2.c4 Nc6 3.Nc3 e5 4.d5 Ne7 5.g3 Ng6 6.Bg2 Bb4 7.Qc2 O-O 8.e4 d6
9.Ne2 h6 10.Bd2 a6 11.O-O-O Bd7 12.h4 b5 13.h5 Ne7 14.f3 c6 15.g4 Nh7 16.f4 exf4
17.Bxf4 cxd5 18.e5 Bxg4 19.exd6 Bxd6 20.Nxd5 Nxd5 21.Rxd5 Bxf4+ 22.Nxf4 Qc7
23.Rd4 Qe5 24.Qd2 Rae8 25.Bc6 Rc8 26.Bd5 Rfe8 27.Ng6 Qe2 28.Qxe2 Bxe2 29.Re1 Bxc4
30.Rxe8+ Rxe8 31.Bxc4 bxc4 32.Nf4 Rc8 33.Nd5 Kf8 34.Nb6 Rc6 35.Nxc4 Nf6 36.Kd2 Ke7
37.Ke3 Nxh5 38.a3 f5 39.Kf3 g5 40.Ne3 Ke6 41.Rd8 Nf6 42.Rh8 h5 43.Rd8 Ke5
44.Kg2 f4 45.Nd1 g4 46.Nc3 h4 47.Rd1 Rd6 48.Re1+ Kf5 49.b4 f3+ 50.Kf2 Kf4
51.a4 g3+ 52.Kf1 h3  0-1

[Event "21st Schachtage"]
[Site "Hassloch GER"]
[Date "2006.06.02"]
[Round "1"]
[White "Stadt,H"]
[Black "Postojev,A"]
[Result "0-1"]
[WhiteElo "2065"]
[BlackElo "2261"]

1.d4 Nf6 2.c4 Nc6 3.e3 e5 4.d5 Ne7 5.Nf3 Ng6 6.Be2 Bc5 7.O-O O-O 8.Nc3 a5
9.Bd3 d6 10.e4 Ng4 11.h3 Nf6 12.Ne2 Nh5 13.Kh2 c6 14.g3 cxd5 15.cxd5 Qd7
16.Nfg1 Ne7 17.Nc3 g6 18.Bh6 Ng7 19.Bb5 Qc7 20.Rc1 Qb6 21.Qe2 Qd8 22.Be3 Bxe3
23.Qxe3 f5 24.f3 Nh5 25.Qe1 Qb6 26.g4 fxg4 27.hxg4 Nf4 28.Qh4 Rf7 29.Qf2 Qd8
30.Nge2 Qf8 31.Nxf4 Rxf4 32.Qg3 g5 33.Kg2 Ng6 34.Be2 Nh4+ 35.Kg1 Bd7 36.Rf2 Rc8
37.Rcf1 Rc5 38.Bd3 Rf7 39.Nd1 Rc1 40.Be2 Rc2 41.a3 Rf4 42.b3 Rxe2 43.Rxe2 Nxf3+
44.Rxf3 Rxf3 45.Qe1 Bxg4 46.Rg2 Qf4 47.Nf2 Bh3 48.Rh2 Rg3+  0-1

[Event "21st Schachtage"]
[Site "Hassloch GER"]
[Date "2006.06.03"]
[Round "3"]
[White "Sprenger,C"]
[Black "Postojev,A"]
[Result "1/2-1/2"]
[WhiteElo "2111"]
[BlackElo "2261"]

1.d4 Nf6 2.c4 Nc6 3.Nc3 e5 4.d5 Ne7 5.e4 Ng6 6.Be3 Bb4 7.f3 O-O 8.Qd2 Qe7
9.Bd3 c6 10.Nge2 b5 11.O-O bxc4 12.Bxc4 cxd5 13.Bxd5 Nxd5 14.Nxd5 Bxd2 15.Nxe7+ Nxe7
16.Bxd2 Ba6 17.Rf2 f6 18.Bb4 Rfe8 19.Rd1 Nc6 20.Bc5 Rec8 21.Nc3 Bc4 22.Rxd7 Be6
23.Rd6 Kf7 24.Rc2 Na5 25.Bf2 Nc4 26.Ra6 Nxb2 27.Rxb2 Rxc3 28.Rb7+ Kg6 29.Rxe6 Rc1+
30.Be1 Rxe1+ 31.Kf2 Ra1 32.Ra6 h5 33.h4 Kh6 34.Raxa7 Rxa2+ 35.Rxa2  1/2-1/2

[Event "White Nights Open"]
[Site "St Petersburg RUS"]
[Date "2006.06.24"]
[Round "2"]
[White "Goganov,A"]
[Black "Feofanov,D"]
[Result "1/2-1/2"]
[WhiteElo "2175"]
[BlackElo "2347"]

1.d4 Nf6 2.c4 Nc6 3.Nf3 e6 4.e3 Bb4+ 5.Bd2 a5 6.Nc3 O-O 7.Bd3 d6 8.a3 Bxc3
9.Bxc3 Qe7 10.O-O e5 11.d5 Nb8 12.e4 Bg4 13.b4 axb4 14.axb4 Nbd7 15.h3 Bh5
16.Qe2 h6 17.g4 Bg6 18.Nh4 Rfe8 19.Bd2 Nh7 20.Ng2 Nhf8 21.h4 Bh7 22.h5 Nf6
23.f3 N8d7 24.Qf2 Qf8 25.Be3 b6 26.Qd2 Kh8 27.Bc2 Rxa1 28.Rxa1 Ra8 29.Qc3 Qc8
30.Ra3 Nxg4 31.fxg4 Nf6 32.Rxa8 Qxa8 33.c5 bxc5 34.bxc5 Nxe4 35.Qc4 Nf6 36.Bxh7 Kxh7
37.cxd6 cxd6 38.Qc6 Qa1+ 39.Kh2 Nxg4+ 40.Kg3 Nf6 41.Qc7 Nxh5+ 42.Kh2 f5 43.Qxd6 f4
44.Bf2 Nf6 45.Qe6 h5 46.Qf5+ Kg8 47.Qe6+ Kh8 48.Qc8+ Kh7 49.Qf5+ Kg8 50.Qe6+ Kh8
51.Qc8+ Kh7 52.Qf5+  1/2-1/2

[Event "35th TCh-GRE"]
[Site "Ermioni GRE"]
[Date "2006.07.06"]
[Round "4"]
[White "Kanakaris,G"]
[Black "Sandalakis,A"]
[Result "1/2-1/2"]
[WhiteElo "2119"]
[BlackElo "2220"]

1.d4 Nf6 2.c4 Nc6 3.Nf3 e6 4.Nc3 Bb4 5.Bd2 d6 6.a3 Bxc3 7.Bxc3 Qe7 8.Qc2 O-O
9.b4 e5 10.dxe5 Nxe5 11.Nxe5 dxe5 12.e3 Bg4 13.Be2 Bxe2 14.Qxe2 Ne4 15.Qc2 Nxc3
16.Qxc3 Rfd8 17.O-O Qe6 18.Rfd1 f6 19.Rd3 Rd7 20.Rad1 Rad8 21.h3 Kf7 22.Kf1 g6
23.Rxd7+ Rxd7 24.Rxd7+ Qxd7 25.Ke2 Ke7 26.Qd3 Qc6 27.e4 a6 28.g3 Qe6 29.Qd5 Qxd5
30.cxd5 Kd6 31.Kd3 b6 32.Kc4 h6 33.g4 Ke7 34.a4 Kd6 35.f3 c6 36.dxc6  1/2-1/2

[Event "35th TCh-GRE"]
[Site "Ermioni GRE"]
[Date "2006.07.07"]
[Round "5"]
[White "Mouratidis,G"]
[Black "Kiratzopoulos,E"]
[Result "1-0"]
[WhiteElo "2013"]
[BlackElo "2133"]

1.d4 Nf6 2.c4 Nc6 3.Nf3 e6 4.g3 Bb4+ 5.Nbd2 d5 6.Qc2 dxc4 7.Qxc4 Qd5 8.Qd3 Qe4
9.Qxe4 Nxe4 10.e3 O-O 11.Bg2 Nxd2 12.Bxd2 Bd6 13.Bc3 Rb8 14.O-O b5 15.a3 Re8
16.Rfd1 Bb7 17.Rac1 Ne7 18.Nd2 Bxg2 19.Kxg2 Nd5 20.Ne4 Rec8 21.Nxd6 cxd6
22.Ba5 Ne7 23.Bc7 Ra8 24.Bxd6 Nd5 25.Rc5 Rxc5 26.dxc5 a5 27.c6 a4 28.e4 Nf6
29.c7 Ne8 30.Be5  1-0

[Event "Open A"]
[Site "Oberwart AUT"]
[Date "2006.07.09"]
[Round "2"]
[White "Erdos,V"]
[Black "Posch,W"]
[Result "1/2-1/2"]
[WhiteElo "2528"]
[BlackElo "2262"]

1.d4 Nf6 2.c4 Nc6 3.Nc3 e5 4.d5 Ne7 5.h4 Neg8 6.Qa4 Bc5 7.Nf3 c6 8.Nxe5 Bd4
9.Nd3 Bxc3+ 10.bxc3 cxd5 11.cxd5 Nxd5 12.Qd4 Qf6 13.Rh3 d6 14.Rg3 Nge7 15.e4 Nc6
16.Qxf6 Nxf6 17.Rxg7 Nxe4 18.f3 Nf6 19.Bh6 Be6 20.Rg5 Rg8 21.Rxg8+ Nxg8 22.Bf4 O-O-O
23.Nb4 Ne5 24.Rd1 f6 25.Nc2 Ne7 26.Nd4 Bxa2 27.Ra1 Bc4 28.Rxa7 Kb8 29.Ra1 Bxf1
30.Kxf1 Rc8 31.Bd2 Nd5 32.Nf5 Nc4 33.Be1 Rc6 34.Kf2 Rb6 35.Ra2 Nb2  1/2-1/2

[Event "35th TCh-GRE"]
[Site "Ermioni GRE"]
[Date "2006.07.10"]
[Round "9"]
[White "Stavrianakis,I"]
[Black "Bozinakis,P"]
[Result "1/2-1/2"]
[WhiteElo "2113"]
[BlackElo "2068"]

1.d4 Nf6 2.c4 Nc6 3.Nf3 e6 4.a3 d6 5.Nc3 g6 6.e4 Bg7 7.Be2 O-O 8.O-O Re8
9.Rb1 e5 10.d5 Nd4 11.Be3 Bg4 12.h3 Bxf3 13.Bxf3 c5 14.dxc6 bxc6 15.Re1 Nd7
16.b4 Nb6 17.Be2 d5 18.exd5 cxd5 19.Bxd4 exd4 20.Nxd5 Nxd5 21.cxd5 Rc8 22.Bf3 Rxe1+
23.Qxe1 Qb6 24.a4 d3 25.Qe4 Rc2 26.Rf1 Bd4 27.Qxd3 Rxf2 28.Rxf2 Bxf2+ 29.Kf1 Bg3
30.Qd2 Qa6+ 31.Be2 Qxa4 32.Qc3 Bd6 33.b5 Qf4+ 34.Bf3 Bb4 35.Qc8+ Kg7 36.Qc2 Qe3
37.Qe2 Qc1+ 38.Qd1 Qc4+ 39.Qe2 Qc1+  1/2-1/2

[Event "5th Open"]
[Site "La Fere FRA"]
[Date "2006.07.10"]
[Round "3"]
[White "Bagaturov,G"]
[Black "Lonnoy,R"]
[Result "1-0"]
[WhiteElo "2461"]
[BlackElo "1985"]

1.d4 Nf6 2.c4 Nc6 3.Nc3 e5 4.d5 Ne7 5.g3 Ng6 6.Bg2 Bc5 7.Nf3 O-O 8.O-O a6
9.Bg5 h6 10.Bxf6 Qxf6 11.Ne4 Qe7 12.Nxc5 Qxc5 13.Nd2 d6 14.Rc1 f5 15.e4 f4
16.Nb3 Qa7 17.c5 a5 18.Qh5 Kh7 19.Nd2 Rf6 20.Nf3 Nf8 21.Bh3 fxg3 22.fxg3 Bxh3
23.Qxh3 Kg8 24.Kg2 dxc5 25.Nxe5 Rxf1 26.Rxf1 Qb6 27.Rf2 Qd6 28.Qf5 b5 29.Qf7+ Kh7
30.Ng4 Nd7 31.Qh5 Rf8 32.Rxf8 Nxf8 33.Qf7 Qg6 34.Qf4 Qd6 35.Qf7 Qg6 36.Qf3 Nd7
37.Qf4 Qd6 38.Qf5+ Kg8 39.Qh5 Kh7 40.Qf7 Nf6 41.Nxf6+ Qxf6 42.Qxc7 Qxb2+
43.Kh3 c4 44.d6 c3 45.d7 c2 46.d8=Q c1=Q 47.Qf7 h5 48.Qdg8+ Kh6 49.Qh8+ Kg5  1-0

[Event "XXIV Andorra Open"]
[Site "Andorra la Vella AND"]
[Date "2006.07.14"]
[Round "7"]
[White "Del Rio Angelis,S"]
[Black "Recuero Guerra,D"]
[Result "1-0"]
[WhiteElo "2514"]
[BlackElo "2396"]

1.d4 Nf6 2.c4 Nc6 3.Nf3 e6 4.a3 d6 5.Nc3 g6 6.Bg5 Bg7 7.e3 a5 8.Be2 O-O 9.Ne4 Re8
10.O-O Qe7 11.Rc1 e5 12.d5 Nb8 13.c5 Bf5 14.cxd6 cxd6 15.Nfd2 Na6 16.Qb3 Reb8
17.Qb5 b6 18.Qc6 Nc5 19.Qxd6 Qxd6 20.Nxd6 Bd3 21.Bxd3 Nxd3 22.Rc7 Nxd5 23.Rxf7 h6
24.Bh4 g5 25.Bg3 Bf8 26.N2e4 Bxd6 27.Rd7 Rd8 28.Rxd6 Rxd6 29.Nxd6 Nxb2 30.Rb1 Na4
31.Bxe5 Rd8 32.Kf1 Kf8 33.Rc1 Nc5 34.Ke2 Ke7 35.Nf5+ Ke6 36.Nxh6 Rd7 37.Bd4 Nb3
38.Rc6+ Rd6 39.Rxd6+ Kxd6 40.Nf7+ Ke7 41.Nxg5 b5 42.Bb2 Nb6 43.h4 Nc4 44.Bg7 Nc1+
45.Kf3 b4 46.axb4 axb4 47.h5 b3 48.h6 Nd3 49.h7 Nde5+ 50.Bxe5 Nxe5+ 51.Ke2 Ng6
52.Kd3  1-0

[Event "5th Open"]
[Site "La Fere FRA"]
[Date "2006.07.14"]
[Round "9"]
[White "Chetverik,M"]
[Black "Lonnoy,R"]
[Result "1-0"]
[WhiteElo "2302"]
[BlackElo "1985"]

1.d4 Nf6 2.c4 Nc6 3.Nc3 e5 4.d5 Ne7 5.e4 Ng6 6.h4 Bb4 7.h5 Ne7 8.Qf3 h6 9.Qg3 Nxe4
10.Qxg7 Rg8 11.Qxe5 Nxc3 12.bxc3 d6 13.Qf6 Ba5 14.Bd2 Bf5 15.O-O-O  1-0

[Event "Czech Open A"]
[Site "Pardubice CZE"]
[Date "2006.07.21"]
[Round "1"]
[White "Limontas,M"]
[Black "Comas Fabrego,L"]
[Result "1/2-1/2"]
[WhiteElo "2277"]
[BlackElo "2495"]

1.d4 Nf6 2.c4 Nc6 3.Nf3 e6 4.Nc3 Bb4 5.Qc2 d5 6.a3 Bxc3+ 7.Qxc3 Ne4 8.Qc2 a5
9.b3 O-O 10.e3 Bd7 11.Bd3 f5 12.Bb2 Be8 13.O-O-O Qe7 14.Rdf1 Kh8  1/2-1/2

[Event "Summer Cup"]
[Site "Litohoro GRE"]
[Date "2006.07.23"]
[Round "2"]
[White "Nikolaidis,I"]
[Black "Kiratzopoulos,E"]
[Result "1-0"]
[WhiteElo "2538"]
[BlackElo "2133"]

1.d4 Nf6 2.c4 Nc6 3.Nf3 e6 4.e3 Bb4+ 5.Nbd2 d6 6.Bd3 e5 7.d5 Bxd2+ 8.Nxd2 Ne7
9.O-O O-O 10.b3 Nd7 11.Qc2 f5 12.f4 e4 13.Be2 c6 14.Ba3 Rf6 15.Bb2 Rh6 16.Qc3 Nf6
17.dxc6 bxc6 18.Rfd1 Be6 19.Nf1 Qc7 20.Rd2 Kf7 21.Rad1 Rd8 22.b4 Rd7 23.a4 c5
24.bxc5 dxc5 25.Rxd7 Bxd7 26.Qe5 Qb7 27.Rd2 Bxa4 28.Qxc5 Nd7 29.Qd4 Nf6 30.Ba3 Ne8
31.Ra2 Nc6 32.Qd5+  1-0

[Event "Czech Open A"]
[Site "Pardubice CZE"]
[Date "2006.07.26"]
[Round "6"]
[White "Behm,S"]
[Black "Korotkjevich,S"]
[Result "0-1"]
[WhiteElo "2229"]
[BlackElo "2326"]

1.d4 Nf6 2.c4 Nc6 3.Nc3 e5 4.d5 Ne7 5.e4 Ng6 6.Bd3 Bc5 7.Bd2 a6 8.h3 d6 9.Qe2 O-O
10.g4 Nd7 11.Qf3 h6 12.Nge2 Nh4 13.Qg3 Qf6 14.f4 exf4 15.Nxf4 Ne5 16.Rf1 b5
17.Nh5 Nxd3+ 18.Qxd3 Qd4 19.Qg3 Ng6 20.O-O-O b4 21.Na4 Qxc4+ 22.Kb1 Qxe4+
23.Ka1 Bd4 24.Qb3 Bd7 25.Rfe1 Bxa4 26.Qxa4 Qxd5 27.Bxh6 Qg2 28.Rxd4 gxh6
29.Rxb4 Ne5 30.Qb3 a5 31.Qe3 axb4 32.Qxh6 Rxa2+ 33.Kxa2 b3+ 34.Ka3 Ra8+ 35.Kb4 Rb8+
36.Kc3 Qc2+ 37.Kd4 Qd3+  0-1

[Event "Czech Open B2"]
[Site "Pardubice CZE"]
[Date "2006.07.28"]
[Round "8"]
[White "Porod,R"]
[Black "Berdychevaskaya,N"]
[Result "0-1"]
[WhiteElo "2120"]
[BlackElo "2168"]

1.d4 Nf6 2.c4 Nc6 3.Nf3 e6 4.Nc3 Bb4 5.Qc2 d6 6.Bg5 Qe7 7.e3 O-O 8.Bd3 h6
9.Bh4 e5 10.d5 Nb8 11.Nd2 Bxc3 12.Qxc3 Nbd7 13.e4 Re8 14.O-O-O Nxe4 15.Nxe4 Qxh4
16.f3 Nf6 17.Nxf6+ Qxf6 18.Kb1 Bf5 19.Rhe1 Qg6 20.Bxf5 Qxf5+ 21.Re4 Qg6 22.Qc2 f5
23.Re2 Qf6 24.c5 Re7 25.Rde1 Rae8 26.Qc3 Qf7 27.Rd1 Rd8 28.c6 b6 29.Qd3 a5
30.Rde1 Rde8 31.Qd2 e4 32.f4 b5 33.Re3 Rb8 34.Rd1 b4 35.g3 Rb5 36.Qd4 Re8
37.g4 fxg4 38.h3 Qxf4 39.hxg4 Qxg4 40.Ree1 Qf4 41.Rf1 Qe5 42.Qf2 Qe7 43.Qe3 Rf8
44.Rg1 Kh8 45.Rg6 Rf6 46.Rg4 Qf7 47.Rxe4 Rxd5 48.Re8+ Kh7 49.Qe4+ Rff5 50.Rg1 Re5
51.Rxe5 dxe5 52.Re1 Qg6 53.Qd5 Rf6+ 54.Kc1  0-1

[Event "Czech Open A"]
[Site "Pardubice CZE"]
[Date "2006.07.28"]
[Round "8"]
[White "Babula,V"]
[Black "Hausrath,D"]
[Result "1-0"]
[WhiteElo "2571"]
[BlackElo "2511"]

1.d4 Nf6 2.c4 Nc6 3.Nf3 e6 4.Nc3 Bb4 5.e3 O-O 6.Bd3 d6 7.O-O Bxc3 8.bxc3 e5
9.Nd2 Qe7 10.Qc2 Bg4 11.Rb1 Rab8 12.Ne4 Nxe4 13.Bxe4 f5 14.Bd5+ Kh8 15.c5 Nd8
16.Qa4 Be2 17.Qxa7 Bxf1 18.Qxb8 Bd3 19.Ra1 dxc5 20.Ba3 exd4 21.cxd4 b6 22.Rd1 Be4
23.Bxe4 fxe4 24.dxc5 Ne6 25.Qb7 Qh4 26.Rd2 bxc5 27.Bb2 Qg4 28.h3 Qg6 29.Qc6 h5
30.a4 Qf5 31.a5 Ng5 32.Qh6+  1-0

[Event "Sunny Pawn B"]
[Site "Illichevsk UKR"]
[Date "2006.07.30"]
[Round "12"]
[White "Garifulin,A"]
[Black "Romcovici,V"]
[Result "1-0"]
[WhiteElo "2291"]
[BlackElo "2310"]

1.d4 Nf6 2.c4 Nc6 3.Nf3 e6 4.Nc3 Bb4 5.Qc2 d6 6.g3 O-O 7.Bg2 e5 8.a3 Bxc3+
9.Qxc3 Re8 10.d5 Ne7 11.O-O h6 12.b3 Bg4 13.h3 Bh5 14.Bb2 Qd7 15.g4 Bg6 16.Nd2 Bh7
17.f4 Ng6 18.f5 Nf4 19.Rf2 Nxg2 20.Rxg2 Kf8 21.e4 b6 22.Qf3 Ke7 23.h4 Rf8
24.g5 hxg5 25.hxg5 Ne8 26.Rh2 Bg8 27.Kf2 f6 28.g6 c6 29.Kg3 Nc7 30.dxc6 Qxc6
31.Rc1 Rac8 32.a4 Na6 33.Ba3 Nc5 34.Re2 a6 35.Qe3 Qb7 36.Rc3 Rc7 37.Re1 Rfc8
38.Rec1 Qa7 39.Kf3 Qb7 40.Nf1 Nxe4 41.Qxe4 Bd5 42.cxd5 Rxc3+ 43.Rxc3 Rxc3+
44.Ne3 Rxb3 45.Bc1 Qc8 46.Bd2 Qc5 47.Ke2 Qd4 48.Qxd4 exd4 49.Nc4 b5 50.Na5 d3+
51.Ke3 Ra3 52.Nc6+ Ke8 53.axb5 axb5 54.Nd4 Ra1 55.Nxb5 Kd7 56.Kxd3 Rh1 57.Nd4 Rh3+
58.Ke4 Rh4+ 59.Bf4 Rh8 60.Ne6 Rg8 61.Kd4 Ke7 62.Kc4 Kd7 63.Be3 Rc8+ 64.Kd3 Rg8
65.Bd4 Ke7 66.Ke4 Ke8 67.Ke3 Ke7 68.Kf4 Ke8 69.Ke4 Ke7 70.Kd3 Ke8 71.Kc4 Kd7
72.Kb5 Rb8+ 73.Bb6 Rg8 74.Ka6 Ra8+ 75.Kb7 Rg8 76.Bd4 Ke7 77.Kc7 Rh8 78.Nxg7 Rh2
79.Ne6 Rc2+ 80.Kb6 Rc1 81.Be3 Rc3 82.Bf4 Rd3 83.Kc6 Rc3+ 84.Kb5 Rc2 85.Bh6 Kd7
86.g7 Rg2 87.Nf4 Rb2+ 88.Kc4 Rb8 89.Ng6 Rg8 90.Nf8+ Ke7 91.Kd4 Kf7 92.Ke4 Ke7
93.Kf4 Kf7 94.Kg4 Ke7 95.Kf3 Kd8 96.Ke2 Ke7 97.Kd3 Kd8 98.Kc4 Kc7 99.Nh7  1-0